Εξελικτική ψυχολογία : ήτοι η ψυχή του ανθρώπου κατά την εξέλιξίν της από της νηπιακής μέχρι της γεροντικής ηλικίας

Saved in:
Bibliographic Details
Main Author: Δημητρόπουλος, Κωνσταντίνος Ι.
Format: Book
Language:Greek
Published: Αθήναι : Χ. Καγιάφας, 1951
Subjects:
Tags: Add Tag
No Tags, Be the first to tag this record!

MARC

LEADER 00000cam a2200000 i 4500
001 1/88087
008 080609s1951 gr | ||| |||| ||gre||
035 |l 10098029 
040 |a GR-MY-UA  |b gre  |e aacr 
041 0 |a gre 
082 0 |a 155.7  |2 (22) 
100 1 |a Δημητρόπουλος, Κωνσταντίνος Ι. 
245 1 0 |a Εξελικτική ψυχολογία :  |b ήτοι η ψυχή του ανθρώπου κατά την εξέλιξίν της από της νηπιακής μέχρι της γεροντικής ηλικίας /  |c Κων. Ι. Δημητρόπουλου 
260 |a Αθήναι :   |b Χ. Καγιάφας,   |c 1951 
300 |a 302 σ.;  |c 25 εκ. 
504 |a Βιβλιογραφία: σ. [301]-302. Ευρετήριο 
650 0 0 |a Genetic psychology. 
650 0 0 |a Developmental psychology. 
650 0 0 |a Developmental psychobiology. 
650 0 0 |a Evolutionary psychology. 
852 |a INST  |b RHODES  |c AKA  |e 20080609  |h  155.7 ΔΗΜ  |p 005400027879  |q 005400027879  |t BK  |y 0 
901 |a BIBL4-2008-2 
909 |a Ρ  |b 150524 
970 |a ΧΑΡΙΟΠΟΛΙΤΟΥ  |b ΚΩΝΣΤΑΝΤΙΝΑ  |z 2008/06/09